00596nam a22001577a 4500003000900000005001700009008004100026040001300067245005800080260002000138300001800158520013300176942001200309999001700321952010000338IT-RoPau20220918181108.0130613b xxu||||| |||| 00| 0 eng d cIT-RoPau aPrima professione religiosa nella Società San Paolo aRomabSSPc1983 a16 pp.c21 cm aIndice Riti iniziali Liturgia della Parola Rito della Prima Professione Liturgia Eucaristica Canto finale: Grande e ammirabile  2ddccBK c98752d98752 00102ddc406P_D271aPAULUSbPAULUSd2013-06-13l0oP D2r2013-06-13 00:00:00w2013-06-13yBK